000 01977nam0a2200385 4500
001 RU\NLR\BIBL_A\022684605
005 20260426080458.0
010 _a978-5-85006-657-4
_9100
021 _aRU
_bКН-П-25-065346
_9КН-П-25-6329
035 _a(NLR Aleph) 022684605
090 _a13696270
_c13696270
100 _a20251210d2025 k y0rusy50 ca
101 0 _arus
102 _aRU
105 _aa z 000yy
181 0 _ai
_b xxe
182 0 _an
200 1 _aПроактивные государственные услуги: методики оценки результативности внедрения
_eмонография
_fТалапина Э. В., Козяр (Двинских) Д. Ю., Южаков В. Н. [и др.]
_gПрезидентская академия
203 _aТекст
_bвизуальный
_cнепосредственный
210 _aМосква
_cДело
_d2025
215 _a226, [1] с.
_cил., табл.
_d21
300 _aАвт. указаны на обороте тит. с.
320 _aБиблиогр.: с. 179–183 (49 назв.) и в подстроч. примеч.
606 1 _aГосударственные услуги
_xПроактивный режим
_yРоссийская Федерация
_92706573
_3RU\NLR\AUTH\6601769683
686 1 _aХ621.011
701 1 _7ca
_8rus
_aТалапина
_bЭ. В.
_gЭльвира Владимировна
_9146128
_3RU\NLR\AUTH\770146164
701 1 _7ca
_8rus
_aКозяр
_bД. Ю.
_gДарья Юрьевна
_92706029
_3RU\NLR\AUTH\770292592
701 1 _aЮжаков
_bВ. Н.
_gВладимир Николаевич
712 0 2 _4570
_aРоссийская академия народного хозяйства и государственной службы
_9844882
_3RU\NLR\AUTH\8810174408
942 _cBOOK
980 _aNB